000 00313nam a22001337a 4500
008 181217b xxu||||| |||| 00| 0 eng d
020 _a9781308802435
041 _aeng
080 _a330
100 _a58
101 _aBIZ
245 _aIntroduction to Business Ethics BAET 20300
_cWarnell,J.M
942 _2udc
_cBK
999 _c53239
_d53239